000 00558nam a22001937a 4500
003 KOHA_MİRAKIL
005 20260324123644.0
008 260324b tu ||||| |||| 00| 0 tur d
020 _a9786057266668
040 _aTR-AnABB
_btur
_cTR-AnABB
041 _atur
082 _a306.45
_bDOK 2024
100 1 _aDökmen, Üstün
245 1 0 _aBoyutsallık :
_bbilimsel farkındalık /
_cÜstün Dökmen
260 _aAnkara :
_bBilim Ve Sanat Yayınları,
_c2024
300 _a114 sayfa ;
_c20 cm
650 0 4 _aBilim sosyolojisi
942 _2ddc
_cBK
999 _c10017
_d10017
900 _bCan ÇELIK